[Event "Max Wilkerson"]
[Site "San Francisco"]
[Date "1998.11.30"]
[Round "11"]
[White "Vucic, Mladen"]
[Black "Baker, Jonathan"]
[Result "1-0"]
[WhiteElo "2385"]
[BlackElo "2135"]

1.d4 Nf6 2.Nf3 g6 3.c4 Bg7 4.g3 d6 5.Bg2 O-O 6.O-O a6 7.Nc3 Nc6 8.d5 Na5
9.Nd2 c5 10.Qc2 Rb8 11.Rb1 b5 12.b3 e5 13.Bb2 Bh6 14.e3 bxc4 15.bxc4 Bf5
16.Nce4 Nxe4 17.Bxe4 Bxe4 18.Qxe4 Qd7 19.Qc2 Rb4 20.Bc3 Qa4 21.Qd3 Rbb8 22.f4 exf4
23.exf4 f5 24.Rfe1 Rxb1 25.Rxb1 Re8 26.Ba1 Bg7 27.Bxg7 Kxg7 28.Qc3+ Kf7 29.Kf2 Re7
30.a3 Nb7 31.h3 h6 32.g4 Qd7 33.Rg1 Kg8 34.Qd3 Kh7 35.gxf5 Qxf5 36.Qxf5 gxf5
37.Rb1 Kg7 38.Rb6 a5 39.a4 Kf7 40.Rb1 Ke8 41.Nf1 Kd8 42.Ne3 Kc7 43.Kf3 Rf7
44.Rg1 Rf6 45.Rg7+ Kc8 46.h4 Nd8 47.h5 Rf8 48.Rg6 Nf7 49.Rf6  1-0

[Event "NRW-Liga II 9899"]
[Site "GER"]
[Date "1998.12.03"]
[Round "3"]
[White "Schlette, Marc"]
[Black "Krug, Reinhard"]
[Result "1-0"]
[WhiteElo "2025"]
[BlackElo "2037"]

1.d4 Nf6 2.Nf3 g6 3.c4 Bg7 4.g3 O-O 5.Bg2 d6 6.O-O Nc6 7.Nc3 a6 8.h3 Rb8
9.d5 Na5 10.Nd2 c5 11.dxc6 bxc6 12.Rb1 c5 13.b3 Bb7 14.Nf3 Ne4 15.Na4 Bc6
16.Qc2 Qc7 17.Bb2 Qb7 18.Bxg7 Kxg7 19.Nc3 Kg8 20.Rbd1 Nxc3 21.Qxc3 Qb4 22.Qe3 Rfe8
23.Rd3 Kg7 24.h4 Bd7 25.h5 Nc6 26.Qf4 f6 27.h6+ Kg8 28.Rxd6 exd6 29.Qxf6 Re7
30.Ng5 Be6 31.Bxc6  1-0

[Event "SVK-chT2A 9899"]
[Site "SVK"]
[Date "1998.12.05"]
[Round "5"]
[White "Ivan, Jaroslav"]
[Black "Kysel, Jozef"]
[Result "1-0"]
[WhiteElo "1997"]
[BlackElo "1959"]

1.Nf3 g6 2.d4 Nf6 3.g3 Bg7 4.Bg2 d6 5.c4 O-O 6.Nc3 Nbd7 7.Bg5 Nb6 8.Nd2 Nfd7
9.Be3 c5 10.dxc5 Nxc5 11.Rc1 Bxc3 12.Rxc3 Nba4 13.Ra3 Nb6 14.b4 Ncd7 15.c5 dxc5
16.bxc5 e6 17.cxb6 Nxb6 18.O-O Nd5 19.Bh6 Re8 20.e4 Ne7 21.Qa1 e5 22.Nf3 Nc6
23.Rd1 Qe7 24.Rb3 b6 25.Rc3 Bb7 26.Qc1 Na5 27.Rc7 Qb4 28.Bd2 Qa4 29.Bxa5 Bxe4
30.Rc4 Qxa5 31.Rxe4 Qxa2 32.Rxe5 Rec8 33.Qe3 Qc2 34.Re1 Rc3 35.Qh6 Rxf3 36.Re8+  1-0

[Event "ROM-ch"]
[Site "Bucuresti"]
[Date "1998.12.12"]
[Round "5"]
[White "Itkis, Boris"]
[Black "Nevednichy, Vladislav"]
[Result "0-1"]
[WhiteElo "2465"]
[BlackElo "2545"]

1.d4 Nf6 2.Nf3 g6 3.c4 Bg7 4.g3 O-O 5.Bg2 d6 6.O-O Nc6 7.Nc3 a6 8.h3 Rb8
9.e4 Nd7 10.Be3 Na5 11.b3 c5 12.a4 Nc6 13.Rb1 Re8 14.Qd2 e5 15.dxc5 dxc5
16.Nd5 b6 17.Ne1 Nd4 18.Nd3 Bb7 19.Bxd4 cxd4 20.b4 Rc8 21.Rbc1 a5 22.f4 axb4
23.Qxb4 Bf8 24.Qd2 Nc5 25.fxe5 Bxd5 26.cxd5 Nxd3 27.Qxd3 Rxc1 28.Rxc1 Qg5
29.Rc4 Qxe5 30.Kh2 Bd6 31.h4 Ra8 32.Rxd4 b5 33.axb5 Ra3 34.b6 Rxd3 35.Rxd3 Qb2
36.e5 Qxe5 37.Rd4 Qxd4 38.b7 Qxh4+ 39.Bh3 Qd8  0-1

[Event "Budapest FS12 GM"]
[Site "Budapest"]
[Date "1998.12.12"]
[Round "8"]
[White "Vaulin, Alexander"]
[Black "Karatorossian, David"]
[Result "1-0"]
[WhiteElo "2550"]
[BlackElo "2395"]

1.d4 Nf6 2.Nf3 g6 3.c4 Bg7 4.g3 O-O 5.Bg2 d6 6.O-O c6 7.Nc3 Qa5 8.e4 Qh5
9.e5 dxe5 10.Nxe5 Ng4 11.Nf3 Rd8 12.h3 Nf6 13.Ne5 Qxd1 14.Rxd1 Nbd7 15.Nf3 h6
16.Bf4 Ne8 17.g4 Nd6 18.c5 Ne8 19.b4 Nf8 20.b5 Ne6 21.Be3 cxb5 22.Rab1 Bd7
23.Ne5 Bxe5 24.dxe5 Bc6 25.Rxd8 Rxd8 26.Nxb5 Bxg2 27.Kxg2 a6 28.Na7 Rd7 29.c6 bxc6
30.Rb8 Rd8 31.Rb6 c5 32.Nc6 Ra8 33.Nxe7+ Kg7 34.f4 N8c7 35.f5 gxf5 36.gxf5 Re8
37.Rc6 h5 38.fxe6 Rxe7 39.Bxc5  1-0

[Event "Marshall CC Winter"]
[Site "New York"]
[Date "1998.12.13"]
[Round "2"]
[White "Kacheishvili, Giorgi"]
[Black "Robovic, Saudin"]
[Result "1-0"]
[WhiteElo "2510"]
[BlackElo "2330"]

1.d4 Nf6 2.c4 g6 3.g3 Bg7 4.Bg2 O-O 5.Nf3 d6 6.O-O Nbd7 7.Nc3 e5 8.h3 c6
9.e4 Qb6 10.c5 dxc5 11.dxe5 Ne8 12.e6 fxe6 13.Ng5 Ne5 14.f4 c4+ 15.Kh2 Nd3
16.e5 Nc7 17.Nce4 h6 18.Nf3 Nd5 19.Nd6 Qc5 20.Qe2 b5 21.Nh4 Ne7 22.Be3 Qb4
23.b3 Ba6 24.bxc4 bxc4 25.Qg4 Nf5 26.Nhxf5 gxf5 27.Qg6 c3 28.Qxe6+ Kh7 29.Rfb1 Nb2
30.Rc1 Bd3 31.Qb3 Qxb3 32.axb3 c2 33.Bd4 Nd1 34.Bxc6 Rad8 35.Rxa7 Kg6 36.b4 Bh8
37.Bd7 Ra8 38.Rc7 h5 39.b5 Ra4 40.Bg1 Rb4 41.h4 Bxe5 42.fxe5 f4 43.R1xc2 fxg3+
44.Kxg3 Rb3 45.Kh2 Rf4 46.Rg2+ Kh6 47.Bh3 Rxh4 48.Nf7+ Kh7 49.Ng5+ Kh6 50.Rc6+ Bg6
51.Rxg6+ Kxg6 52.Nf3+ Rg4 53.Bxg4 hxg4 54.Rxg4+ Kh5 55.Rh4+ Kg6 56.b6 Rxf3
57.Rb4  1-0

[Event "ROM-ch (Women)"]
[Site "Sovata"]
[Date "1998.12.13"]
[Round "9"]
[White "Olarasu, Gabriela"]
[Black "Ciobanu, Camelia"]
[Result "1/2-1/2"]
[WhiteElo "2325"]
[BlackElo "2145"]

1.d4 d6 2.c4 Nf6 3.g3 g6 4.Bg2 Bg7 5.Nf3 O-O 6.O-O Na6 7.Nc3 c5 8.d5 Nc7
9.e4 a6 10.a4 b6 11.h3 Rb8 12.Qe2 b5 13.axb5 axb5 14.e5 Nd7 15.Bf4 b4 16.Nb1 Re8
17.Nbd2 dxe5 18.Nxe5 Nxe5 19.Bxe5 Bxe5 20.Qxe5 Qd6 21.f4 f6 22.Qxd6 exd6
23.Ne4 Rd8 24.Nxf6+ Kg7 25.Ne4 Bf5 26.Ra7 Rbc8 27.Re1 Bxe4 28.Rxe4 Kf8 29.Bf3 Re8
30.Rxe8+ Nxe8 31.Bg4 Rc7 32.Rxc7 Nxc7 33.Bd7 Ke7 34.Bc6 h5 35.Kf2 Na6 36.b3 Nc7
37.Kf3 Kf6 38.g4 hxg4+ 39.hxg4 g5 40.Ke4 Na6 41.Kf3 Nc7 42.Ke4 Na6 43.Bb5 Nc7
44.Bc6  1/2-1/2

[Event "Oxford GM-B"]
[Site "Oxford"]
[Date "1998.12.15"]
[Round "2"]
[White "McNab, Colin Anderson"]
[Black "Arkell, Keith C"]
[Result "1/2-1/2"]
[WhiteElo "2445"]
[BlackElo "2475"]

1.Nf3 Nf6 2.c4 d6 3.g3 g6 4.d4 Bg7 5.Bg2 O-O 6.O-O c6 7.Nc3 Qa5 8.e4 Bg4
9.h3 Bxf3 10.Bxf3 Nbd7  1/2-1/2

[Event "ROM-ch"]
[Site "Bucuresti"]
[Date "1998.12.18"]
[Round "10"]
[White "Danilov, Vladimir"]
[Black "Itkis, Boris"]
[Result "1-0"]
[WhiteElo "2335"]
[BlackElo "2465"]

1.d4 Nf6 2.c4 g6 3.Nf3 Bg7 4.g3 O-O 5.Bg2 d6 6.Nc3 Nbd7 7.O-O e5 8.e4 exd4
9.Nxd4 Re8 10.h3 a6 11.Bg5 h6 12.Be3 Nc5 13.Qc2 Bd7 14.Rfe1 Qc8 15.Kh2 Rb8
16.Nde2 Ne6 17.Nd5 Kh7 18.Rac1 Ng5 19.Nxf6+ Bxf6 20.Nf4 Bg7 21.h4 Ne6 22.Nd5 Qd8
23.Qd2 c5 24.Nf4 Nd4 25.Ne2 Qf6 26.Nxd4 cxd4 27.Bf4 Qe7 28.c5 dxc5 29.Bxb8 Rxb8
30.e5 Be6 31.b4 b6 32.Bf1 Qc7 33.bxc5 bxc5 34.Qxd4 cxd4 35.Rxc7 Rb2 36.Kg1 Rxa2
37.f4 Ra3 38.Kf2 Bd5 39.Rd7 Be6 40.Rxd4 Bf8 41.Rc1 Ra2+ 42.Ke3 Ra5 43.Rd8 Bc5+
44.Kf3 Bb6 45.Rd6 Ra3+ 46.Bd3 Ba5 47.Ke3 Bf5 48.Rb1 Bc7 49.Rd4 Ba5 50.Rb7 Kg8
51.Rd6 h5 52.Ke2 Bg4+ 53.Kf1 Rc3 54.Be4 Bc8 55.Rb8 Kg7 56.Rc6 Bh3+ 57.Kf2 Ra3
58.Bd5 Rd3 59.Bc4 Rd2+ 60.Ke3 Rg2  1-0

[Event "Cairnhill op"]
[Site "Singapore"]
[Date "1998.12.20"]
[Round "3"]
[White "Koh Kum Hong"]
[Black "Wu Shaobin"]
[Result "0-1"]
[WhiteElo "2250"]
[BlackElo "2505"]

1.d4 Nf6 2.c4 g6 3.g3 Bg7 4.Bg2 O-O 5.Nf3 d6 6.O-O Nbd7 7.Nc3 e5 8.Qc2 c6
9.b3 Re8 10.e4 exd4 11.Nxd4 Nc5 12.Be3 Qe7 13.Bg5 h6 14.Bxf6 Qxf6 15.Rad1 a5
16.Rd2 h5 17.Nde2 Be6 18.h3 Rad8 19.Rfd1 Bc8 20.Rf1 Qe7 21.Nd4 Qc7 22.Rfd1 Bh6
23.Re2 Qb6 24.Ree1 Bg7 25.Nce2 Re7 26.Kh2 Rde8 27.f3 h4 28.g4 d5 29.cxd5 cxd5
30.exd5 Bxd4 31.Rxd4 Bd7 32.Rc4 Qd6+ 33.Kh1 b6 34.a4 Qxd5 35.Rd1 Qb7 36.Nd4 Re1+
37.Bf1 Qb8 38.Qd2 Qg3 39.Rxe1 Rxe1 40.Rc1 Qxh3+  0-1

[Event "Groningen op"]
[Site "Groningen"]
[Date "1998.12.23"]
[Round "4"]
[White "Prakken, Gerrit"]
[Black "Miton, Kamil"]
[Result "1/2-1/2"]
[WhiteElo "2250"]
[BlackElo "2415"]

1.d4 Nf6 2.Nf3 g6 3.c4 Bg7 4.g3 O-O 5.Bg2 d6 6.O-O Nc6 7.Nc3 a6 8.b3 Rb8
9.Bb2 b5 10.cxb5 axb5 11.Rc1 b4 12.Na4 Na7 13.Ne1 Bb7 14.Nd3 Bxg2 15.Kxg2 Rb5
16.e3 Qb8 17.Rc4 Qb7+ 18.Qf3 c6 19.Kg1 Rb8 20.Qg2 Nd5 21.Ba1 Qd7 22.Rfc1 f5
23.Nf4 Nf6 24.h4 Ne4 25.Bb2 e6 26.R4c2 R5b7 27.Qf1 Nf6 28.Rc4 Qf7 29.Qe2 h6
30.Kg2 Nd5 31.Qf3 g5 32.hxg5 hxg5 33.Nd3 Qg6 34.Rh1 Bf6 35.Qh5 Kg7 36.Qxg6+ Kxg6
37.Kf3 Rb5 38.Bc1 R5b7  1/2-1/2

[Event "Groningen op"]
[Site "Groningen"]
[Date "1998.12.23"]
[Round "4"]
[White "Evseev, Denis"]
[Black "Solleveld, Maarten"]
[Result "1/2-1/2"]
[WhiteElo "2470"]
[BlackElo "2295"]

1.d4 Nf6 2.c4 g6 3.Nf3 Bg7 4.g3 O-O 5.Bg2 d6 6.O-O Nbd7 7.Nc3 e5 8.h3 c6
9.e4 Qb6 10.Re1 exd4 11.Nxd4 Ne8 12.Nce2 Ne5 13.b3 a5 14.Be3 Qd8 15.f4 Nd7
16.Nc3 Qe7 17.Bf2 Nc5 18.Qc2 Nc7 19.Rad1 N7a6 20.a3 Bd7 21.g4 Rad8 22.Nf3 Bc8
23.Bh4 Bf6 24.Bg3 Rfe8 25.Kh2 Qf8 26.e5 dxe5 27.fxe5 Rxd1 28.Rxd1 Bg7 29.Qb1 f5
30.exf6 Qxf6 31.Re1 Rxe1 32.Qxe1 Be6 33.Ne4 Nxe4 34.Qxe4 Nc5 35.Qe3 Bf8 36.Be5 Qd8
37.Bd4 Qd6+ 38.Kh1 Bf7 39.Bb2 Qd1+ 40.Ng1 Nd3 41.Bd4 Qxb3 42.c5 Bd5 43.Nf3 Qc2
44.Ne1 Bxg2+ 45.Kh2 Qa2 46.Nxd3 Bf1+ 47.Nf2 Qe2 48.Qf4 Qe7 49.Kg3 Qe6 50.Ne4 Bd3
51.Qb8 Kf7 52.Qf4+ Kg8 53.Qb8 Kf7 54.Qf4+ Kg8  1/2-1/2

[Event "Leverkusen 9899"]
[Site "Leverkusen"]
[Date "1998.12.26"]
[Round "1"]
[White "Thiel, Kuno"]
[Black "Luboshitz, Alexander"]
[Result "1-0"]
[WhiteElo "2325"]
[BlackElo "2210"]

1.Nf3 Nf6 2.c4 g6 3.g3 Bg7 4.Bg2 d6 5.d4 O-O 6.O-O Nbd7 7.Qc2 e5 8.Rd1 Re8
9.Nc3 c6 10.b3 a6 11.dxe5 dxe5 12.e4 Qc7 13.Ba3 Bf8 14.Bb2 a5 15.Na4 b6 16.h3 Bb7
17.Rd2 Bb4 18.Re2 Rad8 19.Rd1 Bf8 20.Kh2 Nh5 21.Red2 Nhf6 22.Nxe5 Nxe5 23.Rxd8 Rxd8
24.Bxe5 Qe7 25.Bb2 Bg7 26.e5 Rxd1 27.Qxd1 Nd7 28.f4 h5 29.h4 Kh7 30.Bh3 Bc8
31.Bxd7 Bxd7 32.Nxb6 Bg4 33.Qd2 Qc5 34.Bd4 Qe7 35.Bf2 Bf8 36.Na4 Qe6 37.Qxa5 Qf5
38.Qd2 Qb1 39.Nc3 Qf1 40.Ne4 Be7 41.Qe3 Kg7 42.Nd2 Qh3+ 43.Kg1 Bb4 44.Ne4 Bf5
45.Ng5 Qg4 46.Qd4 Be7 47.e6+ Bf6 48.Qd7 Bxe6 49.Nxe6+ Kh6 50.Qxf7 Qf5 51.Ng5  1-0

[Event "Trinec op"]
[Site "Trinec"]
[Date "1998.12.26"]
[Round "1"]
[White "Jirka, Jiri"]
[Black "Kislov, Mikhail"]
[Result "1/2-1/2"]
[WhiteElo "2195"]
[BlackElo "2385"]

1.d4 Nf6 2.g3 g6 3.Bg2 Bg7 4.c4 d6 5.Nf3 O-O 6.O-O Nbd7 7.Nc3 e5 8.e4 a5
9.h3 c6 10.Be3 a4 11.Re1 Qa5 12.Qd2 b5 13.cxb5 cxb5 14.Bh6 Bb7 15.dxe5 dxe5
16.Rad1 Rfe8 17.Bxg7 Kxg7 18.Bf1 b4 19.Nb5 Bxe4 20.Nh4 Bd5 21.Qg5 Bxa2 22.Nf5+ Kh8
23.Nfd6 Bb3 24.Nxe8 Rxe8 25.Rd6 Kg7 26.Nd4 Qc5 27.Nf5+ Kh8 28.Rxf6 gxf5 29.Rxf5 Be6
30.Rfxe5 Nxe5 31.Qf6+ Kg8 32.Rxe5 Qxe5 33.Qxe5 a3 34.bxa3 bxa3 35.Qg5+ Kh8
36.Qf6+ Kg8 37.Qg5+ Kh8 38.Qe5+  1/2-1/2

[Event "Lohmar 9899"]
[Site "Lohmar"]
[Date "1998.12.27"]
[Round "2"]
[White "Krallmann, Matthias"]
[Black "Olbrisch, Manfred"]
[Result "1-0"]
[WhiteElo "2285"]
[BlackElo "2080"]

1.d4 Nf6 2.c4 g6 3.Nf3 Bg7 4.g3 O-O 5.Bg2 d6 6.O-O c5 7.Nc3 Nc6 8.d5 Na5
9.Nd2 Bd7 10.Qc2 a6 11.b3 b5 12.Bb2 Rb8 13.Rae1 bxc4 14.bxc4 Rb4 15.a3 Rb7
16.Ba1 Qc7 17.Rb1 Rfb8 18.h3 h5 19.Rxb7 Rxb7 20.Rb1 Qc8 21.Rxb7 Nxb7 22.Kh2 Ne8
23.Qb1 Qc7 24.f4 Nd8 25.e4 Qa5 26.Qc1 e6 27.Nf3 exd5 28.Nxd5 Bxa1 29.Qxa1 Ne6
30.f5 Nd4 31.Nxd4 cxd4 32.Qxd4 Qxa3 33.Qa7 h4 34.gxh4 Ba4 35.fxg6 fxg6 36.Ne7+ Kf7
37.Nf5+ Kg8 38.Nh6+ Kh8 39.Qf7  1-0

[Event "Ambassador op"]
[Site "Bern"]
[Date "1998.12.28"]
[Round "4"]
[White "Horvath, Peter"]
[Black "Rufener, Markus"]
[Result "1-0"]
[WhiteElo "2425"]
[BlackElo "2110"]

1.d4 d6 2.c4 g6 3.g3 Bg7 4.Nf3 Nf6 5.Bg2 O-O 6.O-O c6 7.Nc3 Nbd7 8.h3 Qc7
9.e4 e5 10.Be3 a6 11.Rc1 b6 12.d5 c5 13.Ne1 Ne8 14.Nd3 Rb8 15.a4 f5 16.exf5 gxf5
17.f4 e4 18.Nf2 Bxc3 19.bxc3 Ndf6 20.g4 Qg7 21.g5 Nd7 22.h4 Nc7 23.Re1 Qf7
24.Bf1 Kg7 25.Nh1 Rh8 26.Ng3 Ne8 27.Rc2 Kg8 28.Be2 Nf8 29.Kg2 Ng7 30.Rb2 Rb7
31.Qb1 Qc7 32.Rh1 Bd7 33.a5 b5 34.cxb5 axb5 35.a6 Ra7 36.Bxb5 Bxb5 37.Rxb5 Rxa6
38.c4 Nd7 39.Rb7 Qd8 40.Qb5 Ra2+ 41.Kh3 Nf8 42.Bc1 h5 43.Bb2 Rh7 44.g6  1-0

[Event "AUT-chT2O 9798"]
[Site "Austria"]
[Date "1998.??.16"]
[Round "7"]
[White "Jurek, Josef"]
[Black "Wirius, Stefan"]
[Result "1-0"]
[WhiteElo "2415"]
[BlackElo "2265"]

1.d4 Nf6 2.Nf3 g6 3.c4 Bg7 4.g3 O-O 5.Bg2 d6 6.Nc3 Nbd7 7.O-O e5 8.e4 Re8
9.h3 c6 10.Be3 exd4 11.Nxd4 Nb6 12.b3 d5 13.exd5 cxd5 14.c5 Nbd7 15.Ndb5 Rxe3
16.fxe3 Qe7 17.Qe2 Nxc5 18.Rad1 Nce4 19.Nxe4 Nxe4 20.Bxe4 dxe4 21.Nd6 Be6
22.g4 Qh4 23.Qg2 h5 24.Nf5 Qg5 25.Nxg7 Qxe3+ 26.Kh2 Kxg7 27.gxh5 Rh8 28.Qb2+ Kh7
29.hxg6+ fxg6 30.Rd7+ Bxd7 31.Rf7+ Kh6 32.Qxh8+ Kg5  1-0

[Event "UKR-chT"]
[Site "Alushta"]
[Date "1998.??.??"]
[Round "?"]
[White "Askarian, Karen"]
[Black "Stets, Dmitry"]
[Result "1-0"]
[WhiteElo "2265"]
[BlackElo "2420"]

1.d4 Nf6 2.c4 g6 3.Nf3 Bg7 4.g3 O-O 5.Bg2 d6 6.O-O Nbd7 7.Nc3 e5 8.e4 exd4
9.Nxd4 Re8 10.h3 Nc5 11.Re1 a5 12.Rb1 Nfd7 13.Be3 c6 14.f4 Nf6 15.Bf2 Qc7
16.Ndb5 cxb5 17.Nxb5 Qc6 18.e5 Nfe4 19.Nxd6 Nxf2 20.Bxc6 Nxd1 21.Bxe8 Nxb2
22.Bxf7+ Kf8 23.Rxb2 Nd3 24.Reb1 Nxb2 25.Rxb2 g5 26.Kg2 Bd7 27.Bd5 Rb8 28.Rxb7 Rxb7
29.Nxb7 a4 30.Nc5  1-0

[Event "BEL-chT 9798"]
[Site "Antwerp"]
[Date "1998.??.??"]
[Round "11"]
[White "Tondivar, Babak"]
[Black "Meessen, Rudolf"]
[Result "1/2-1/2"]
[WhiteElo "2305"]
[BlackElo "2310"]

1.Nf3 Nf6 2.c4 g6 3.d4 Bg7 4.g3 O-O 5.Bg2 d6 6.O-O c6 7.Nc3 Qa5 8.h3 Be6
9.Qd3 Qa6 10.b3 d5 11.Ne5 dxc4 12.Nxc4 Rd8 13.Rd1 Bxc4 14.Qxc4 Qxc4 15.bxc4 Nbd7
16.Rb1 Nb6 17.c5 Nbd5 18.Nxd5 Nxd5 19.Rxb7 Nc3 20.Rd2 Bxd4 21.Rc2 Rab8 22.Bxc6 Rbc8
23.Bf3 Nd1 24.e3 Bxc5 25.Kg2 Bd6 26.Bxd1 Rxc2 27.Bxc2 Rc8 28.Rb2 Be5 29.Be4 Rxc1
30.Rb7 Rc7  1/2-1/2

[Event "AUT-chT2W 9798"]
[Site "Austria"]
[Date "1998.??.??"]
[Round "8"]
[White "Amann, Guenter"]
[Black "Micheli, Carlo"]
[Result "1-0"]
[WhiteElo "2280"]
[BlackElo "2295"]

1.d4 Nf6 2.Nf3 g6 3.c4 Bg7 4.g3 O-O 5.Bg2 d6 6.O-O c6 7.Nc3 Bf5 8.b3 Qd7
9.Bb2 Na6 10.Re1 Ne4 11.Nh4 Nxc3 12.Bxc3 Bg4 13.Qd2 d5 14.Nf3 dxc4 15.bxc4 Rfd8
16.Rad1 Be6 17.d5 Bxc3 18.Qxc3 cxd5 19.cxd5 Bxd5 20.e4 Qc6 21.Qa5 e6 22.exd5 exd5
23.Nd4 Qc4 24.Bf1 Qc5 25.Qxc5 Nxc5 26.Bg2 Rd7 27.Re5 Rad8 28.Ne2 b6 29.Rexd5 Rxd5
30.Bxd5 Kg7 31.Bb3 Rxd1+ 32.Bxd1 Kf6 33.Nd4 a6 34.f4 Ke7 35.Bb3 b5 36.Kf2 f6
37.h4 h5 38.Ke3 f5 39.Ne2 a5 40.Kd4 Nd7 41.Kd5 a4 42.Bc2 b4 43.Kc6 b3 44.axb3 axb3
45.Bxb3 Nf6 46.Bd5 Ng4 47.Bf3 Nh2 48.Bg2 Ng4 49.Kc5 Ke6 50.Kd4 Nf6 51.Bf3 Nd7
52.Nc1 Kf6 53.Nd3 Kg7 54.Ne5 Nf6 55.Bd5 Kh6 56.Bc6 Kg7 57.Ke3 Kh6 58.Ba4 Ne4
59.Kf3 Nd6 60.Bb3 Kg7 61.Bd5 Kf6 62.Ke3 Kg7 63.Kd4 Nb5+ 64.Kc4 Nd6+ 65.Kc5 Ne8
66.Bf7 Nf6 67.Bxg6 Ne4+ 68.Kd5 Nxg3 69.Ke6 Kh6 70.Kf7 Ne2 71.Kf6  1-0

[Event "AUT-chT2W 9798"]
[Site "Austria"]
[Date "1998.??.??"]
[Round "10"]
[White "Spiegel, Wilfried"]
[Black "Habibi, Ali"]
[Result "0-1"]
[WhiteElo "2175"]
[BlackElo "2325"]

1.d4 d6 2.Nf3 g6 3.c4 Bg7 4.g3 Nf6 5.Bg2 O-O 6.O-O Nc6 7.Nc3 a6 8.d5 Na5
9.Nd2 c5 10.Qc2 Rb8 11.b3 b5 12.Bb2 bxc4 13.bxc4 Bh6 14.f4 Ng4 15.Nd1 f5
16.Rb1 Bd7 17.h3 Nf6 18.Nf2 Bg7 19.Bc3 Qc7 20.Nd3 Rfc8 21.Kh2 Kf7 22.e4 fxe4
23.Nxe4 Nxc4 24.Ng5+ Kg8 25.Rbe1 Re8 26.Ne6 Bxe6 27.Rxe6 Na3 28.Qf2 Nh5 29.Ba1 Qd7
30.g4  0-1

[Event "AUT-chT2W 9798"]
[Site "Austria"]
[Date "1998.??.??"]
[Round "11"]
[White "Schlosser, Philipp"]
[Black "Mittelberger, Peter"]
[Result "1-0"]
[WhiteElo "2550"]
[BlackElo "2225"]

1.d4 d6 2.Nf3 g6 3.c4 Nf6 4.g3 Bg7 5.Bg2 O-O 6.O-O Nc6 7.h3 a6 8.Be3 Rb8
9.Qc1 e6 10.Rd1 Ne7 11.Bh6 b6 12.Bxg7 Kxg7 13.Nc3 Bb7 14.Qf4 d5 15.b3 Qd6
16.Ne5 Nd7 17.Rac1 f6 18.Nxd7 Qxd7 19.cxd5 exd5 20.Rc2 c6 21.Na4 Qd8 22.h4 a5
23.e4 dxe4 24.Bxe4 c5 25.Rcd2 Nd5 26.Qf3 f5 27.Bxd5 Bxd5 28.Qc3 c4 29.bxc4 b5
30.cxd5 bxa4 31.Re2 Rb7 32.Re5 f4 33.Rde1 fxg3 34.fxg3 Qf6 35.R5e2 Rd7 36.Qc5 Rff7
37.Kh2 g5 38.hxg5 Qxg5 39.d6 Qh6+ 40.Kg2 Qxd6 41.Qxa5 Qc6+ 42.Re4 Rd5 43.Qd2 h5
44.Kg1 Qg6 45.Qe3 Rg5 46.Kg2 Rgf5 47.Re6 R5f6 48.Rxf6 Rxf6 49.Qe5 h4 50.Rf1 Qxg3+
51.Qxg3+ hxg3 52.Rxf6 Kxf6 53.Kxg3 Ke6 54.Kf4 Kd5 55.Ke3  1-0

[Event "AUT-chT2W 9798"]
[Site "Austria"]
[Date "1998.??.??"]
[Round "11"]
[White "Bachmayr, Peter"]
[Black "Doskocil, Klaus"]
[Result "1-0"]
[WhiteElo "2360"]
[BlackElo "2215"]

1.d4 Nf6 2.Nf3 d6 3.c4 g6 4.g3 Bg7 5.Bg2 O-O 6.O-O Nbd7 7.Nc3 Re8 8.h3 e5
9.e4 c6 10.Re1 exd4 11.Nxd4 a5 12.Be3 Nc5 13.Qc2 a4 14.Rab1 Nfd7 15.b4 axb3
16.axb3 Ne5 17.Red1 Na6 18.f4 Nb4 19.Qd2 Ned3 20.Nc2 Nxc2 21.Qxc2 Nb4 22.Qd2 Qa5
23.Na4 Ra6 24.Qxd6 Nc2 25.Bf2 b5 26.Nc5 Na3 27.b4 Qb6 28.Nxa6 Qxa6 29.cxb5 Qxb5
30.Rbc1 Bb7 31.Bc5 Nc4 32.Qd7 Ra8 33.Bf1 Bb2 34.Bxc4  1-0

[Event "Bayern-ch Bank Hofmann 2nd"]
[Site "Bad Wiesse"]
[Date "1998.??.??"]
[Round "2"]
[White "Bunzmann, Dimitrij"]
[Black "Schaefer, M."]
[Result "1-0"]
[WhiteElo "2455"]
[BlackElo "2180"]

1.c4 Nf6 2.Nf3 g6 3.d4 Bg7 4.g3 O-O 5.Bg2 d6 6.O-O Nbd7 7.Nc3 e5 8.h3 Re8
9.e4 c6 10.Be3 exd4 11.Nxd4 a5 12.Re1 a4 13.Qc2 Qa5 14.Rad1 Nc5 15.Bf4 Bf8
16.Nf3 Be6 17.Bxd6 Bxc4 18.Bxc5 Qxc5 19.Nxa4 Qb4 20.b3 Be6 21.Nc3 Bg7 22.Nd4 Bc8
23.Re2 Ra5 24.Na4 h5 25.Qd2 Qxd2 26.Rexd2 c5 27.Ne2 c4 28.Nac3 cxb3 29.axb3 Ra3
30.e5 Nd7 31.Rxd7 Bxd7 32.Rxd7 Rxb3 33.Bd5  1-0

[Event "Hessen-ch"]
[Site "Bad Wildungen"]
[Date "1998.??.??"]
[Round "1"]
[White "Duncker, Joachim"]
[Black "Solonar, Stephan"]
[Result "0-1"]
[WhiteElo "2265"]
[BlackElo "2315"]

1.d4 Nf6 2.Nf3 d6 3.c4 g6 4.g3 Bg7 5.Bg2 O-O 6.O-O Nc6 7.Nc3 a6 8.h3 Rb8
9.a3 Bd7 10.Re1 b5 11.cxb5 axb5 12.b4 Qc8 13.Kh2 e5 14.e3 exd4 15.exd4 Re8
16.Bb2 Rxe1 17.Qxe1 Qa6 18.Bf1 Ne7 19.a4 Qb7 20.Bg2 Bc6 21.d5 Nfxd5 22.Nxd5 Bxd5
23.Bxg7 Kxg7 24.axb5 Re8 25.Qc3+ f6 26.Rc1 Rc8 27.Re1 c5 28.g4 Ng8 29.g5 cxb4
30.gxf6+ Nxf6 31.Re7+ Qxe7 32.Qxc8 Bxf3 33.Bxf3 Qe5+ 34.Kg2 Qxb5 35.Qc7+ Qd7
36.Qb6 d5 37.Qxb4 d4 38.Qd2 d3 39.Qe3 d2 40.Qe5 Kf7 41.Qa1 g5 42.Qa2+ Kg7
43.Qa1 Qd3 44.Bh5 Qd6 45.Bd1 Kh6 46.Qc3 Nd5 47.Qf3 Nf4+ 48.Kh2 Qd5 49.Qg4 Qe5
50.Qg3 Qd5 51.Qg4 Kg6 52.h4 h5 53.Bc2+ Kh6 54.hxg5+ Qxg5 55.Qf3 Qh4+ 56.Kg1 Kg5
57.Kf1 Qg4 58.Qg3 h4 59.Qg1 Qxg1+ 60.Kxg1 Ne2+ 61.Kg2 Nc3 62.Kh3 d1=Q 63.f4+ Kh5
64.Bxd1+ Nxd1 65.f5 Nf2+ 66.Kg2 Ne4 67.Kf3 Nf6  0-1

[Event "Hessen-ch"]
[Site "Bad Wildungen"]
[Date "1998.??.??"]
[Round "10"]
[White "Heck, Norbert"]
[Black "Alber, Horst"]
[Result "0-1"]
[WhiteElo "2350"]
[BlackElo "2315"]

1.Nf3 Nf6 2.c4 g6 3.d4 Bg7 4.g3 O-O 5.Bg2 d6 6.O-O Nc6 7.Nc3 a6 8.h3 Rb8
9.Be3 b5 10.Nd2 Bd7 11.Rc1 e5 12.d5 Ne7 13.cxb5 axb5 14.Nde4 Nh5 15.Kh2 h6
16.f4 exf4 17.gxf4 Nf5 18.Bd2 Nh4 19.e3 Re8 20.b4 Nxg2 21.Kxg2 Ra8 22.Rf2 Bf5
23.Ng3 Nxg3 24.Kxg3 Qd7 25.Qf1 Bxc3 26.Rxc3 Rxa2 27.Qc1 Bxh3 28.Kh2 Qg4 29.Qg1 Qh5
30.Qg3 Bf5+ 31.Kg1 Qd1+  0-1

[Event "Bad Zwesten op"]
[Site "Bad Zwesten"]
[Date "1998.??.??"]
[Round "6"]
[White "Streich, Gerhard"]
[Black "Rohmeiss, Roberto"]
[Result "1/2-1/2"]
[WhiteElo "2220"]
[BlackElo "2030"]

1.Nf3 Nf6 2.d4 g6 3.g3 Bg7 4.Bg2 O-O 5.c4 d6 6.Nc3 Nbd7 7.O-O c5 8.d5 Rb8
9.Qd3 Ng4 10.e4 Nde5 11.Nxe5 Nxe5 12.Qe2 f5 13.h3 a6 14.f4 Nf7 15.Kh2 b5
16.cxb5 axb5 17.Re1 b4 18.Nd1 Re8 19.Nf2 e5 20.dxe6 Rxe6 21.Be3 fxe4 22.Nxe4 Bb7
23.Qc2 Qe7 24.Bf2 Bxe4 25.Bxe4 Re8 26.Bf3 Qf6 27.Rxe6 Rxe6 28.Rb1 h5 29.Bd5 Re7
30.h4 Qf5 31.Qxf5 gxf5 32.Bf3 Ra7 33.a3 bxa3 34.bxa3 Rxa3 35.Bd5 Ra7 36.Be6 Kf8
37.Bxf5 Nh6 38.Be6 Ng4+ 39.Kg1 Ra1 40.Rxa1 Bxa1 41.Be1 Ke7 42.Bg8 Nf6 43.Bb3 Bd4+
44.Kf1 d5 45.Ke2 Ke6 46.Bc2 c4 47.Ba5 Bc5 48.Bd8 d4 49.Bxf6 d3+ 50.Bxd3 cxd3+  1/2-1/2

[Event "Landesliga Nord9798"]
[Site "Bayern"]
[Date "1998.??.??"]
[Round "?"]
[White "Till, Eugen"]
[Black "Ahmeti, Musa"]
[Result "1/2-1/2"]
[WhiteElo "2085"]
[BlackElo "1900"]

1.d4 Nf6 2.Nf3 g6 3.c4 Bg7 4.g3 O-O 5.Bg2 d6 6.Nc3 Nc6 7.O-O Bg4 8.h3 Bxf3
9.Bxf3 Nd7 10.e3 e5 11.dxe5 dxe5 12.Qc2 f5 13.Bd5+ Kh8 14.Rd1 Qe7 15.Bxc6 bxc6
16.b3 Rf7 17.Bb2 f4 18.exf4 exf4 19.Re1 Ne5 20.Re2 fxg3 21.fxg3 Raf8 22.Ne4 Nf3+
23.Kg2 Ng5 24.Bxg7+ Kxg7 25.Nxg5 Qxg5 26.Qe4 Qc5 27.Qe5+ Qxe5 28.Rxe5 Rf2+
29.Kg1 Rb2 30.Re7+ Kh6 31.Rf1 Rxf1+ 32.Kxf1 Rxa2 33.Rxc7 Rb2 34.Rxc6 Rxb3
35.Kf2 Rc3 36.Ra6 Rxc4 37.Rxa7 Rc3 38.h4  1/2-1/2

[Event "Regionalliga SO9798"]
[Site "Bayern"]
[Date "1998.??.??"]
[Round "?"]
[White "Penn, Peter"]
[Black "Schmidbauer, Franz"]
[Result "1/2-1/2"]
[WhiteElo "1910"]
[BlackElo "1900"]

1.d4 Nf6 2.Nf3 g6 3.c4 Bg7 4.g3 O-O 5.Bg2 d6 6.Nc3 Nc6 7.O-O a6 8.h3 Rb8
9.a4 Bd7 10.e4 e5 11.d5 Ne7 12.a5 Ne8 13.Ne1 f5 14.Nd3 Nf6 15.Kh2 h6 16.f4 Nxe4
17.Nxe4 fxe4 18.Bxe4 exf4 19.Nxf4 Qe8 20.Ra3  1/2-1/2

[Event "Landesliga Nord9798"]
[Site "Bayern"]
[Date "1998.??.??"]
[Round "?"]
[White "Heinz, Juergen"]
[Black "Hepting, Heinrich"]
[Result "1-0"]
[WhiteElo "2155"]
[BlackElo "2145"]

1.Nf3 Nf6 2.c4 g6 3.d4 Bg7 4.g3 O-O 5.Bg2 d6 6.b3 Nbd7 7.Bb2 a5 8.O-O a4
9.b4 e5 10.dxe5 Ng4 11.Qc2 Ngxe5 12.Nfd2 Re8 13.a3 Qe7 14.Nc3 Nb6 15.Nd5 Nxd5
16.cxd5 Bg4 17.Rfe1 g5 18.h3 Bh5 19.Rac1 Rec8 20.Bc3 Bg6 21.Qb2 f6 22.f4 Nd7
23.e4 h6 24.Bf3 c5 25.Bg4 Rc7 26.Bxd7 Qxd7 27.f5 Bxf5 28.exf5 Qxf5 29.Ne4 Rf8
30.Qg2 cxb4 31.Bxb4 Rxc1 32.Rxc1 Qe5 33.Nxd6 Qe3+ 34.Kh2 Qxc1 35.Nf5 Re8
36.d6  1-0

[Event "Landesliga Nord9798"]
[Site "Bayern"]
[Date "1998.??.??"]
[Round "?"]
[White "Gehlert, Klaus"]
[Black "Muenster, Erich"]
[Result "1-0"]
[WhiteElo "2075"]
[BlackElo "2075"]

1.d4 Nf6 2.c4 g6 3.g3 Bg7 4.Bg2 O-O 5.Nf3 d6 6.Nc3 Nbd7 7.O-O e5 8.e4 exd4
9.Nxd4 Nc5 10.b4 Ne6 11.Nb3 Nd7 12.Bb2 Ne5 13.Qe2 Nc6 14.Nd5 Ncd4 15.Qd2 c5
16.bxc5 Nxb3 17.axb3 dxc5 18.e5 Rb8 19.Rxa7 b5 20.Ne7+ Kh8 21.Qxd8 Nxd8 22.Nxc8 Rxc8
23.cxb5 Rb8 24.Ra5 Ne6 25.f4 h5 26.Bd5 Rfd8 27.Bc4 Kg8 28.Ra7 Rd2 29.Bc3 Rc2
30.Ba5 h4 31.Rf2 Rc1+ 32.Kg2 hxg3 33.hxg3 Ra1 34.b6 Nd8 35.Bb4 Rd1 36.Bxc5 Bf8
37.Be3 Bb4 38.g4 Nb7 39.f5 gxf5 40.Rxf5 Nd8 41.Bg5 Bc5 42.Bf6 Kh7 43.Bxf7 Nxf7
44.Rxf7+ Kg8 45.Rg7+ Kf8 46.Rh5 Ke8 47.Rh8+ Bf8 48.Re7+  1-0